ՀՀ Գիտությունների ազգային ակադեմիայի հիմնարար գիտական գրադարան  =   Fundamental Scientific Library of NAS RA

Алгоритмы обработки и средства автоматизации теплофизического эксперимента : (Record no. 384258)

MARC details
000 -LEADER
fixed length control field 00918nam a22001817a 4500
003 - CONTROL NUMBER IDENTIFIER
control field AM-YeHGA
005 - DATE AND TIME OF LATEST TRANSACTION
control field 20250617153113.0
008 - FIXED-LENGTH DATA ELEMENTS--GENERAL INFORMATION
fixed length control field 170616b xxu||||| |||| 00| 0 rus d
040 ## - CATALOGING SOURCE
Original cataloging agency AM-YeHGA
041 0# - LANGUAGE CODE
Language code of text/sound track or separate title rus
090 ## - LOCALLY ASSIGNED LC-TYPE CALL NUMBER (OCLC); LOCAL CALL NUMBER (RLIN)
-- 386225
245 00 - TITLE STATEMENT
Title Алгоритмы обработки и средства автоматизации теплофизического эксперимента :
Remainder of title Сб. науч. статей /
Statement of responsibility, etc. АН СССР, Сиб. отд-ние, Ин-т теплофизики ; Под ред. С.С. Кутателадзе.
250 ## - EDITION STATEMENT
Edition statement Processing algorithms and devices of automation of thermophysical experiments
260 ## - PUBLICATION, DISTRIBUTION, ETC.
Place of publication, distribution, etc. Новосибирск :
Name of publisher, distributor, etc. Б. и.
Date of publication, distribution, etc. 1978
300 ## - PHYSICAL DESCRIPTION
Extent 118 с.
653 0# - INDEX TERM--UNCONTROLLED
Uncontrolled term Теплотехнические измерения - Обработка результатов на вычислительных машинах - Сборники
942 ## - ADDED ENTRY ELEMENTS (KOHA)
Source of classification or shelving scheme Universal Decimal Classification
Koha item type Գրքեր / Books
Holdings
Withdrawn status Lost status Source of classification or shelving scheme Damaged status Not for loan Collection Home library Current library Date acquired Total checkouts Full call number Barcode Date last seen Price effective from Koha item type Public note
    Universal Decimal Classification     General Fundamental Scientific Library Fundamental Scientific Library 16/06/2017   PII/432607 FL0450075 16/06/2017 16/06/2017 Գրքեր / Books 30 Days Loan


ՀՀ ԳԱԱ հիմնարար գիտական գրադարան
ՀՀ,Երևան 0019
Մարշալ Բաղրամյան 24/6
հեռախոս:(374-10) 52-47-50
Հետադարձ կապ

All site content, except where otherwise noted, is licensed under a
Creative Commons License